000 00565nam a2200181Ia 4500
003 GCL
008 140319s9999 xx 000 0 ara d
040 _aGCL /
_cGCL
082 0 4 _a608.7
_bا م
100 1 _aاحمد على عمر
245 1 0 _aالملكية الصناعية وبراءات الاختراع التجربة المصرية /
_cاحمد على عمر
300 _a239 ص
490 _a
650 0 4 _aبراءات الاختراع
650 0 4 _aالعلامات التجارية
650 0 4 _aالملكية الصناعية
942 _2ddc
_cBK
999 _c38591
_d38591